000 00356pab a2200145 454500
008 180718b1985 xxu||||| |||| 00| 0 eng d
100 _aGrover, A.N.
245 _aConstitutions and press laws
260 _c1985
300 _a2-13
362 _aOct.
650 _aPress - Legislation - India
773 _aPress Council of India Review
909 _a16053
999 _c16053
_d16053